Técnica de la organización de estancias ... /

Guardado en:
Autor Principal: Müller Defradas, Roberto
Formato: Libro
Publicado: Buenos Aires : El Ateneo, 1978
Materias:
Etiquetas: Agregar Etiqueta
Sin Etiquetas, Sea el primero en etiquetar este registro!
LEADER 00600nam a22002055a 4500
001 CEM.cems016023
005 20130528163434.0
008 130507s1978##################000#0#####d
003 CEMS
082 0 4 |a 631 
100 1 |a Müller Defradas, Roberto 
245 1 0 |a Técnica de la organización de estancias ... /  |c Roberto Müller Defradas, 
260 |a Buenos Aires :  |b El Ateneo,  |c 1978 
300 |a 364 p. 
653 |a Alambrados 
653 |a Agricultura 
653 |a Bebederos 
653 |a Bañaderos 
653 |a Contabilidad agropecuaria 
859 |a CEMS  |b BIB. CEMS - Agricultura  |h 631  |i M912  |p A7176.79  |t Ej.1